Science parks and innovation centres: their economic and social impact: proceedings of the conference held in Berlin, 13 - 15 February 1985 (Record no. 95757)
[ view plain ]
| 000 -LEADER | |
|---|---|
| fixed length control field | 00600cam a2200193 4500 |
| 001 - CONTROL NUMBER | |
| control field | D3595 |
| 008 - FIXED-LENGTH DATA ELEMENTS--GENERAL INFORMATION | |
| fixed length control field | 090401t1985 xxu||||| |||| 00| 0 eng d |
| 035 ## - SYSTEM CONTROL NUMBER | |
| System control number | (Sirsi) u74013 |
| 041 ## - LANGUAGE CODE | |
| Language code of text/sound track or separate title | eng |
| 050 ## - LIBRARY OF CONGRESS CALL NUMBER | |
| Classification number | 333.336 |
| 100 ## - MAIN ENTRY--PERSONAL NAME | |
| Personal name | Gibb, John Michael (ed) |
| 245 ## - TITLE STATEMENT | |
| Title | Science parks and innovation centres: their economic and social impact: proceedings of the conference held in Berlin, 13 - 15 February 1985 |
| 260 ## - PUBLICATION, DISTRIBUTION, ETC. | |
| Place of publication, distribution, etc. | Amsterdam |
| Name of publisher, distributor, etc. | Elsevier |
| Date of publication, distribution, etc. | 1985 |
| 300 ## - PHYSICAL DESCRIPTION | |
| Extent | ix. 477p. ill. 25cm |
| 350 ## - PRICE (NR) (BK AM CF MU VM SE) [OBSOLETE] | |
| Price | 41 |
| 710 ## - ADDED ENTRY--CORPORATE NAME | |
| Corporate name or jurisdiction name as entry element | Europe |
| Subordinate unit | European Communities Commission |
| 9 (RLIN) | 698 |
| 942 ## - ADDED ENTRY ELEMENTS (KOHA) | |
| Suppress in OPAC | 0 |
| 948 ## - LOCAL PROCESSING INFORMATION (OCLC); SERIES PART DESIGNATOR (RLIN) | |
| c (OCLC) | 04/03/1997 |
| Withdrawn status | Lost status | Source of classification or shelving scheme | Damaged status | Not for loan | Home library | Current library | Shelving location | Date acquired | Cost, normal purchase price | Total Checkouts | Full call number | Barcode | Date last seen | Date last checked out | Copy number | Cost, replacement price | Price effective from | Koha item type |
|---|---|---|---|---|---|---|---|---|---|---|---|---|---|---|---|---|---|---|
| Dewey Decimal Classification | London | London | Books | 14/09/1999 | 41.00 | 6 | 333.336 | 30002760 | 06/08/2019 | 23/09/2005 | 1 | 41.00 | 06/08/2019 | Book |